000 01167nam a2200325 a 4500
001 000112381
003 CHAP
005 20220329144302.0
008 160308s2016 mx a fsm |||||||spa d
010 _a108842
011 _a109814
040 _cCHAP
090 _aTesis
100 1 _aMartínez Mogica, Araceli
_9130651
245 1 0 _aEvaluación de nutrición edáfica en haba (Vicia faba L.) criolla michoacana amarilla /
_h[En línea]
_cpor Araceli Martínez Mogica.
260 _aChapingo, Méx. :
_bEl autor,
_c2016.
500 _aPara ver el contenido del material haga clic en la liga
502 _aTesis (Ing. Agr. Esp. en Fitotecnia) -- UACH. Departamento de Fitotecnia
590 _aE5995AHE
_b05
_c20160308
_lUCH01
_h1120
590 _aE5995AHE
_b05
_c20160308
_lUCH01
_h1120
590 _aE5995AHE
_b05
_c20160308
_lUCH01
_h1216
650 1 4 _aFertilización foliar.
_940445
650 1 4 _aFertilizantes para haba.
_940621
650 1 4 _aFertilizantes
_xEfecto en suelos.
_940553
650 1 4 _aHaba
_xRendimiento.
_952122
856 _aFinding aid
_uhttp://10.13.5.2/tesis/sist112381.pdf
_zTeclea aquí
901 _aBK
942 _cTESIS
942 _n0
999 _c108842
_d108842